Thủ thuật quản trị mạng Windows 2000

Guardat en:
Dades bibliogràfiques
Autor principal: Phạm, Hồng Tài
Format: Llibre
Idioma:Undetermined
Publicat: Hà Nội Thống kê 2004
Matèries:
Etiquetes: Afegir etiqueta
Sense etiquetes, Sigues el primer a etiquetar aquest registre!
Thư viện lưu trữ: Trung tâm Học liệu Trường Đại học Cần Thơ
LEADER 00630nam a2200205Ia 4500
001 CTU_60491
008 210402s9999 xx 000 0 und d
020 |c 36000 
082 |a 005.43769 
082 |b T103 
100 |a Phạm, Hồng Tài 
245 0 |a Thủ thuật quản trị mạng Windows 2000 
245 0 |c Phạm Hồng Tài 
260 |a Hà Nội 
260 |b Thống kê 
260 |c 2004 
650 |a Windows ( computer programs ),Computer networks,Computer networks 
650 |x Management,Computer programs 
904 |i Minh,Hải 
980 |a Trung tâm Học liệu Trường Đại học Cần Thơ